| 000 | 00536nam a2200181Ia 4500 | ||
|---|---|---|---|
| 003 | GCL | ||
| 008 | 140319s9999 xx 000 0 eng d | ||
| 040 |
_aGCL / _cGCL |
||
| 082 | 0 | 4 |
_a659.94 _bG P |
| 100 | 1 | _aGENTLE - CACKETT , S.W | |
| 245 | 1 | 0 |
_aPALESTINE PORTRAYED : CAMERA PICTURES REPRODUCED WITH DESCRIPTIONS AND EXPLANATIONS / _cGENTLE - CACKETT , S.W |
| 260 |
_a[S.N] : _bPALESTINE AND BIBLE LANDS |
||
| 300 | _a63 P | ||
| 650 | 0 | 4 | _aPALESTINAN ARABS |
| 650 | 0 | 4 | _aHISTORY - PALESTINE |
| 650 | 0 | 4 | _aHISTORY |
| 942 |
_2ddc _cBK |
||
| 999 |
_c12316 _d12316 |
||